=LDR 00000nam 2200000 4500 =001 INLIS000000000007155 =005 20200810080832 =035 ##$$a 0010-061300000007155 =008 200810################g##########0#ind## =041 ##$$a Ind =082 ##$$a 2x6.2 =090 ##$$a 2x6.2, Rid r =100 1#$$a Ridwan, A =245 1#$$a Reformasi intelektual Islam, : $b Pemikiran Hassan Hanafi tentang reaktualisasi tradisi keilmuan Islam /$c A.H. Ridwan =260 ##$$a Yogyakarta :$b Ittaqa press,$c 1998 =300 ##$$a 131 hlm., ; $c 14 x 21 cm =650 #4$$a Islam-Politik =020 ##$$a 979-8681-07-1 =084 ##$$a 2x6.2 RID r =250 ##$$a cet.1 =990 ##$$a 139.019/Pb-98